Computer networking : (Record no. 18500)

MARC details
000 -LEADER
fixed length control field 00690nam a22002532 4500
001 - CONTROL NUMBER
control field 0000024150
003 - CONTROL NUMBER IDENTIFIER
control field OSt
005 - DATE AND TIME OF LATEST TRANSACTION
control field 20200916152511.0
008 - FIXED-LENGTH DATA ELEMENTS--GENERAL INFORMATION
fixed length control field 130614s xx 000 0 eng d
020 ## - INTERNATIONAL STANDARD BOOK NUMBER
International Standard Book Number 1292153598
040 ## - CATALOGING SOURCE
Original cataloging agency KABU
Transcribing agency KABU
050 ## - LIBRARY OF CONGRESS CALL NUMBER
Classification number TK5105.875
Item number .I57K87 2017 c.1
100 1# - MAIN ENTRY--PERSONAL NAME
Personal name Kurose, James F.
245 10 - TITLE STATEMENT
Title Computer networking :
Remainder of title a top-down approach
Statement of responsibility, etc. James F. Kurose
250 ## - EDITION STATEMENT
Edition statement 7th ed.
260 ## - PUBLICATION, DISTRIBUTION, ETC. (IMPRINT)
Place of publication, distribution, etc. England
Name of publisher, distributor, etc. Pearson,
Date of publication, distribution, etc. 2017
300 ## - PHYSICAL DESCRIPTION
Extent 852p.
650 #0 - SUBJECT ADDED ENTRY--TOPICAL TERM
Topical term or geographic name as entry element Internet.
650 #0 - SUBJECT ADDED ENTRY--TOPICAL TERM
Topical term or geographic name as entry element Computer networks.
700 1# - ADDED ENTRY--PERSONAL NAME
Personal name Keith W. Ross,
908 ## - PUT COMMAND PARAMETER (RLIN)
Put command parameter 130614
942 ## - ADDED ENTRY ELEMENTS (KOHA)
Source of classification or shelving scheme Library of Congress Classification
Koha item type General Collection
Holdings
Withdrawn status Lost status Source of classification or shelving scheme Not for loan Home library Current library Date acquired Cost, normal purchase price Total Checkouts Total Renewals Full call number Barcode Date last seen Date last checked out Price effective from Koha item type Checked out
    Library of Congress Classification   Kabarak, Main Campus Kabarak, Main Campus 16/09/2020 5621.00 5 5 TK5105.875 .I57K87 2017 c.1 029164 22/08/2024 30/07/2024 16/09/2020 General Collection  
    Library of Congress Classification   Kabarak, Main Campus Kabarak, Main Campus 16/09/2020 5621.00 8 2 TK5105.875 .I57K87 2017 c.2 029165 06/11/2024 07/10/2024 16/09/2020 General Collection  
    Library of Congress Classification   Kabarak, Nakuru City Campus Kabarak, Main Campus 16/09/2020 5621.00 2   TK5105.875 .I57K87 2017 c.1 029166 01/08/2025 01/08/2025 16/09/2020 General Collection 18/08/2025
Designed with assistance from East African Informatics Ltd